<?xml version="1.0" encoding="UTF-8"?><?xml-stylesheet type="text/xsl" href="static/style.xsl"?><OAI-PMH xmlns="http://www.openarchives.org/OAI/2.0/" xmlns:xsi="http://www.w3.org/2001/XMLSchema-instance" xsi:schemaLocation="http://www.openarchives.org/OAI/2.0/ http://www.openarchives.org/OAI/2.0/OAI-PMH.xsd"><responseDate>2026-06-02T15:24:53Z</responseDate><request verb="GetRecord" identifier="oai:riuma.uma.es:10630/29619" metadataPrefix="marc">https://riuma.uma.es/rest/oai/request</request><GetRecord><record><header><identifier>oai:riuma.uma.es:10630/29619</identifier><datestamp>2026-02-03T11:42:29Z</datestamp><setSpec>com_10630_2254</setSpec><setSpec>col_10630_37956</setSpec></header><metadata><record xmlns="http://www.loc.gov/MARC21/slim" xmlns:dcterms="http://purl.org/dc/terms/" xmlns:doc="http://www.lyncode.com/xoai" xmlns:xsi="http://www.w3.org/2001/XMLSchema-instance" xsi:schemaLocation="http://www.loc.gov/MARC21/slim http://www.loc.gov/standards/marcxml/schema/MARC21slim.xsd">
   <leader>00925njm 22002777a 4500</leader>
   <datafield ind2=" " ind1=" " tag="042">
      <subfield code="a">dc</subfield>
   </datafield>
   <datafield ind2=" " ind1=" " tag="720">
      <subfield code="a">Moya García, Egidio</subfield>
      <subfield code="e">author</subfield>
   </datafield>
   <datafield ind2=" " ind1=" " tag="720">
      <subfield code="a">Crespo Guerrero, José Manuel</subfield>
      <subfield code="e">author</subfield>
   </datafield>
   <datafield ind2=" " ind1=" " tag="260">
      <subfield code="c">2013-06</subfield>
   </datafield>
   <datafield ind2=" " ind1=" " tag="520">
      <subfield code="a">El desarrollo del turismo en el norte de Marruecos ha tenido una trayectoria intermitente desde el establecimiento de los protectorados español y francés (1912) hasta comienzos del siglo XXI. Es precisamente en este siglo cuando gracias al "Plan Marruecos Visión 2010", se ha producido un crecimiento acelerado de esta actividad económica. Como consecuencia de este proceso temporal, hoy día se observan modelos recreativos diferenciados. Éstos atienden no sólo al periodo en que se produce la aparición y expansión de los enclaves turísticos, sino también a su localización espacial, los atractivos en que se apoyan, la oferta residencial/hotelera existente y el sistema de promoción de la misma. De tal modo que las repercusiones económicas, sociales y ambientales que se observan en el territorio son distintas. Justamente la ralentización que se ha producido en el crecimiento turístico, debida a la crisis internacional, y las posibilidades que ofrece la nueva regionalización de Marruecos, llevan a replantearse la futura expansión turística en toda esta extensa región.</subfield>
   </datafield>
   <datafield ind1="8" ind2=" " tag="024">
      <subfield code="a">Moya García, E. y Crespo Guerrero, J.M. (2013). El desarrollo turístico en el norte de Marruecos y su impacto territorial. En Garrido Almonacid y A.; Idrissi, Y. (coord.) Desarrollo territorial en el norte de Marruecos. Tanger: Édition Altopress, pp. 175-206</subfield>
   </datafield>
   <datafield ind1="8" ind2=" " tag="024">
      <subfield code="a">978-9954-32-373-1</subfield>
   </datafield>
   <datafield ind1="8" ind2=" " tag="024">
      <subfield code="a">https://hdl.handle.net/10630/29619</subfield>
   </datafield>
   <datafield tag="653" ind2=" " ind1=" ">
      <subfield code="a">Turismo - Marruecos</subfield>
   </datafield>
   <datafield ind2="0" ind1="0" tag="245">
      <subfield code="a">El desarrollo turístico en el norte de Marruecos y su impacto territorial</subfield>
   </datafield>
</record>
</metadata></record></GetRecord></OAI-PMH>